00905 2200325 4500001002100000005001500021035002000036007000300056040001700059100002300076245006200099250001300161300002900174504002500203020002200228041000800250082000800258084001400266090002000280264004200300336002100342337003000363338002300393650001300416700003700429700004700466850001000513008004100523990001500564INLIS00000000000784920260529031633 a0010-0922000338ta aSBPUPADbind0 aSuyantiePengarang1 aPisang Budi Daya,Pengolahan, dan Prospek Pasar /cSuyanti a.- cet.3 a132 hlm :bilus. ;c23cm aBibliografi, hlm 127 a978-979-002-236-207aind a634 a634 SUY p a634 SUY p L18-9 a.--Jakarta :bPenerbar Swadaya,c2012 2rdacontentateks 2rdamediaatanpa perantara 2rdacarrieravolume 4aBudidaya0 aEditor, Anies AnggaraePengarang0 aPengarang ke-2, Ahmad SupriyadiePengarang aPUPAD260529 0  a571/B/2013